Tribhuvan University Central Library
Normal view MARC view
  • Reilly, Frank K.

Entry Personal Name

Number of records used in: 2

001 - CONTROL NUMBER

  • control field: 13217

003 - CONTROL NUMBER IDENTIFIER

  • control field: OSt

005 - DATE AND TIME OF LATEST TRANSACTION

  • control field: 20110125113520.0

008 - FIXED-LENGTH DATA ELEMENTS

  • fixed length control field: 110125|||a|||||| | ||| d

040 ## - CATALOGING SOURCE

  • Original cataloging agency: OSt
  • Transcribing agency: OSt

100 ## - HEADING--PERSONAL NAME

  • Personal name: Reilly, Frank K.

670 ## - SOURCE DATA FOUND

  • Source citation: Work cat.: (OSt): Reilly, Frank K., Investment analysis and portfolio management, 2006.

670 ## - SOURCE DATA FOUND

  • Source citation: Work cat.: (OSt): Reilly, Frank K., Investment analysis and portfolio management, 2006.